Küresel terör ve terörizm (Record no. 6358)

MARC details
000 -BAŞLIK
Sabit Uzunlukta Kontrol Alanı 00618na a2200229 4500
001 - KONTROL NUMARASI
Denetim Alanı 19399
003 - KONTROL NUMARASI IDENTIFIER
Denetim Alanı MIRAKIL
005 - SON İŞLEM TARİHİ VE ZAMANI
Denetim Alanı 20181213155105.0
008 - SABİT-BOY VERİ ELEMANLARI - GENEL BİLGİLER
Sabit Uzunlukta Kontrol Alanı 161214b tu 000 0
040 ## - KATALOGLAMA KAYNAK
Orijinal Kataloglama Ajansı Milas
Kataloglama Dili tur
Metne Dönüştürmek Ajansı TR-AnCHP
041 ## - DİL KODU
Metin / Ses Parça Veya Ayrı Başlığın Dil Kodu tur
082 ## - DEWEY ONLU SINIFLANDIRMA NUMARASI
Sınıflandırma Numarası 303.625
Ürün Numarası A92k 2012
090 ## - SINIFLAMA NUMARASI
Sınıflama Numarası 303.625 A92k 2012
100 ## - ANA GİRİŞ - KİŞİSEL İSİM
Kişisel Ad Aydın, Nurullah
245 ## - BAŞLIK TABLOSU
Başlık Küresel terör ve terörizm
Sorumluluk Tablosu, Vb Nurullah Aydın
250 ## - EDITION TABLOSU
Baskı Beyanı 2. bs.
260 ## - YAYIN, DAĞITIM, VB
Yayın, Dağıtım, Vb Yeri İstanbul
Yayıncı, Dağıtıcı, Vs Adı Kum Saati Yayınları
Yayın, Dağıtım, Vb Tarihi 2012
300 ## - FİZİKSEL TANIM
Kapsam 327 s.
Boyutlar 21 sm.
500 ## - GENEL NOT
Genel Not Yapıt yazarından imzalıdır
650 ## - KONU KATMA GİRİŞ - TOPİKAL DÖNEM
Topikal Süreli Veya Coğrafi Ad Giriş Elemanı Terörizm
Genel Alt Bölümü Küresel terör
942 ## - EKLENDİ GİRİŞ ELEMANLARI (KOHA)
Sınıflandırma Veya Raf Düzeni Kaynak Dewey Decimal Classification
Koha Öğesi Türü Books
999 ## - SİSTEM KONTROL NUMARALARI (KOHA)
Koha Biblionumber 6358
Koha Biblioitemnumber 6358
Holdings
Kalıcı Konum Mevcut Konum Edinme Tarihi Edinim Kaynak Toplam Check-Out'Lar Tam Çağrı Numarası Barkod Tarih Son Görülme İtibaren Geçerli Fiyatlar Koha Öğesi Türü Kopya Sayısı
CHP Kütüphanesi CHP Kütüphanesi 12/14/2016 Bağış   303.625 A92k 2012 010272 12/14/2016 12/14/2016 Books  
CHP Kütüphanesi CHP Kütüphanesi 12/14/2016 Bağış   303.625 A92k 2012 011564 12/14/2016 12/14/2016 Books k.2